000 00475nam a2200169 a 4500
001 1099
005 20140414131953.0
008 041020s19uu xx 00 eng d
020 _a0-02-245230-3
050 _aTR 428.6
_bT351 1979
100 _aThoburn, Tina
245 _aMacmillan English /
_cTina Thoburn ; Ann Cox.
260 _aNew York:
_bMacmillan Pub.,
_c1979.
300 _a92 p. : ill. ; cm.
650 _aEnglish language
_xStudy and teaching.
999 _c112854
_d112854